ARRUPE JESUIT UNIVERSITY

CORONAVIRUS -STOP THE SPREAD - CLEAN,DISINFECT,COVER

The Age of the enlightenment: (Record no. 39522)

MARC details
000 -LEADER
fixed length control field 01446cam a22003491 4500
001 - CONTROL NUMBER
control field 2650960
003 - CONTROL NUMBER IDENTIFIER
control field ARRUPE
005 - DATE AND TIME OF LATEST TRANSACTION
control field 20170718125046.0
008 - FIXED-LENGTH DATA ELEMENTS--GENERAL INFORMATION
fixed length control field 710201s1967 stkabc b 010 0 eng
010 ## - LIBRARY OF CONGRESS CONTROL NUMBER
LC control number 68079657
015 ## - NATIONAL BIBLIOGRAPHY NUMBER
National bibliography number B67-20424
040 ## - CATALOGING SOURCE
Original cataloging agency DLC
Transcribing agency DLC
Modifying agency DLC
041 0# - LANGUAGE CODE
Language code of text/sound track or separate title eng
-- fre
-- ita
050 00 - LIBRARY OF CONGRESS CALL NUMBER
Classification number B1925.E5
Item number A4
082 00 - DEWEY DECIMAL CLASSIFICATION NUMBER
Classification number 194
300 ## - PHYSICAL DESCRIPTION
Other physical details front. (port.), maps, tables.
Dimensions 23 cm.
245 04 - TITLE STATEMENT
Title The Age of the enlightenment:
Remainder of title studies presented to Theodore Besterman;
Statement of responsibility, etc edited by W. H. Barber [and others]
260 ## - PUBLICATION, DISTRIBUTION, ETC. (IMPRINT)
Place of publication, distribution, etc Edinburgh,
-- London,
Name of publisher, distributor, etc published for the University Court of the University of St. Andrews, by Oliver & Boyd,
Date of publication, distribution, etc 1967.
300 ## - PHYSICAL DESCRIPTION
Extent xii, 469 p.
490 1# - SERIES STATEMENT
Series statement St. Andrews. University. Publications, no. 57
500 ## - GENERAL NOTE
General note Editors: W. H. Barber, J. H. Brumfitt, R. A. Leigh, R. Shackleton and S. S. B. Taylor.
500 ## - GENERAL NOTE
General note Includes 1 essay in Italian, 9 in French.
504 ## - BIBLIOGRAPHY, ETC. NOTE
Bibliography, etc Bibliography: p. 431-460.
600 10 - SUBJECT ADDED ENTRY--PERSONAL NAME
Personal name Voltaire,
Dates associated with a name 1694-1778
General subdivision Philosophy.
9 (RLIN) 33192
600 10 - SUBJECT ADDED ENTRY--PERSONAL NAME
Personal name Besterman, Theodore,
Dates associated with a name 1904-1976
Form subdivision Bibliography.
9 (RLIN) 33204
650 #0 - SUBJECT ADDED ENTRY--TOPICAL TERM
Topical term or geographic name as entry element Enlightenment.
9 (RLIN) 33205
650 #0 - SUBJECT ADDED ENTRY--TOPICAL TERM
Topical term or geographic name as entry element Philosophy, French
Chronological subdivision 18th century.
9 (RLIN) 33206
700 1# - ADDED ENTRY--PERSONAL NAME
Personal name Besterman, Theodore,
Dates associated with a name 1904-1976.
9 (RLIN) 33207
700 1# - ADDED ENTRY--PERSONAL NAME
Personal name Barber, W. H.
Fuller form of name (William Henry),
Relator term ed.
9 (RLIN) 33208
710 2# - ADDED ENTRY--CORPORATE NAME
Corporate name or jurisdiction name as entry element University of St. Andrews.
Subordinate unit University Court.
9 (RLIN) 33209
830 #0 - SERIES ADDED ENTRY--UNIFORM TITLE
Uniform title St. Andrews University publications ;
Volume number/sequential designation no. 57.
9 (RLIN) 33210
906 ## - LOCAL DATA ELEMENT F, LDF (RLIN)
a 7
b cbc
c orignew
d u
e opcn
f 19
g y-gencatlg
942 ## - ADDED ENTRY ELEMENTS (KOHA)
Source of classification or shelving scheme Library of Congress Classification
Koha item type Monograph ( Printed materials)
Holdings
Withdrawn status Lost status Source of classification or shelving scheme Damaged status Not for loan Collection code Home library Current library Shelving location Date acquired Total Checkouts Full call number Barcode Date last seen Date checked out Copy number Price effective from Koha item type
    Library of Congress Classification     Main Collection ARRUPE LIBRARY ARRUPE LIBRARY   04/03/2013 1 B802.M35 1965 46003009961 14/09/2015 01/09/2015 1 04/03/2013 Monograph ( Printed materials)

 

Arrupe Library. PO Box MP320 Mt Pleasant, Harare, Zimbabwe
263 242 745411|librarian@aju.ac.zw